Mountain environments : (Registro nro. 8264)

Detalles MARC
000 -CABECERA
Campo de control 00645nam a22002057a 4500
005 - FECHA Y HORA DE LA ULTIMA TRANSACCION
Campo de control 20150708164359.0
008 - ELEMENTOS DE LONGITUD FIJA—INFORMACION GENERAL
Campo de control 140311b1990 eng||||| |||| 00| 0 spa d
020 ## - ISBN
ISBN 0262071282
040 ## - FUENTE DE CATALOGACIÓN
Agencia catalogadora original CO-BoIAVH
Agencia transcriptora CO-BoIAVH
041 ## - IDIOMA
Código de idioma para texto/pista de sonido o título separado Inglés
044 ## - PAÍS DE PUBLICACIÓN
País de publicación Inglaterra
082 ## - NUMERO DE CLASIFICACION DECIMAL DEWEY
Número de clasificación 551.432
Número del ítem G378m
100 1# - ASIENTO PRINCIPAL--NOMBRE PERSONAL
Nombre personal Gerrard, John,
Fechas asociadas con el nombre 1944-
245 10 - MENCION DE TITULO
Título Mountain environments :
Parte restante del título an examination of the physical geography of mountains /
Mención de responsabilidad John Gerrard
260 ## - PUBLICACION, DISTRIBUCION, ETC. (PIE DE IMPRENTA)
Lugar de publicación, distribución, etc. Cambridge, Mass
Nombre del editor, distribuidor, etc. MIT Press
Fecha de publicación, distribución, etc. 1990.
300 ## - DESCRIPCION FISICA
Extensión vii, 317 p.
Otros detalles físicos ill.
Dimensiones 24 cm.
504 ## - NOTA DE BIBLIOGRAFIA, ETC.
Nota de bibliografía Incluye referencias bibliográficas (p. 266-309)
650 #0 - ASIENTO SECUNDARIO DE MATERIA - TERMINO TEMATICO
Término temático o nombre geográfico como elemento de entrada Montañas
942 ## - ELEMENTOS ADICIONALES (KOHA)
Sistema de clasificación Dewey Decimal Classification
Tipo de ítem Libro
Existencias
Withdrawn status Lost status Sistema de Clasificación Damaged status No para préstamo Colección Inventariado Ubicación Permanente Ubicación actual Fecha de adquisición Fuente de Valor Valor Total Checkouts Número topográfico Inventario / Código de Barras Date last seen Ejemplar Price effective from Forma de adquisición Tipo de material
    Dewey Decimal Classification     General Inventariado 2017 Bogotá Bogotá 11/03/2014 Instituto 20000.00   LB-551.432 G378m 059952 11/03/2014 Ej. 1 11/03/2014   Libro